[Event "TUR-ch Youth U17 2019"]
[Site "Belek"]
[Date "2019.01.22"]
[Round "4"]
[White "Guncan, Berke"]
[Black "Onur, Cem"]
[Result "1/2-1/2"]
[WhiteElo "2016"]
[BlackElo "1885"]
[Annotator "NA"]
[PlyCount "132"]
[EventDate "2019.01.20"]
[EventType "swiss"]
[EventCountry "TUR"]
[SourceTitle "playchess.com"]
[Source "ChessBase"]
[SourceQuality "1"]
[TimeControl "5400+30"]

1. e4 c5 {[%emt 0:00:30]} 2. Nf3 {[%emt 0:01:30]} Nc6 {[%emt 0:00:30]} 3. d4 {[%emt 0:00:30]} cxd4 {[%emt 0:00:30]} 4. Nxd4 {[%emt 0:00:00]} e6 {[%emt 0:05:30]} 5. c4 {[%emt 0:00:00]} Nf6 {[%emt 0:00:00]} 6. Nc3 {[%emt 0:00:30]} Bb4 {[%emt 0:00:00]} 7. Nxc6 {[%emt 0:00:30]} dxc6 {[%emt 0:02:30]} 8. Qxd8+ {[%emt 0:00:30]} Kxd8 {[%emt 0:00:30]} 9. e5 {[%emt 0:00:00]} Ne4 {[%emt 0:07:30] B44: Sicilian: Taimanov: 5 Nb5} 10. a3 {[%emt 0:00:00]} Bxc3+ {[%emt 0:06:30]} 11. bxc3 {[%emt 0:00:30]} Ke7 $146 {[%emt 0:30:30]} ({Predecessor:} 11... Kc7 12. Be3 b6 13. Bd3 Nc5 14. Bxc5 bxc5 15. O-O-O Rb8 16. Kc2 Bd7 17. h4 {½-½ (30) Oparin,G (2609)-Kuzubov,Y (2647) Linares 2018}) 12. a4 {[%emt 0:06:00]} b6 {[%emt 0:01:30]} 13. Ba3+ {[%emt 0:01:30]} Nc5 {[%emt 0:00:30]} 14. a5 {[%emt 0:01:30]} Bd7 {[%emt 0:02:30]} 15. Be2 {[%emt 0:01:30]} Rhb8 {[%emt 0:01:30]} 16. O-O {[%emt 0:01:30]} Ke8 {[%emt 0:01:30]} 17. Rfb1 {[%emt 0:06:30]} Na4 {[%emt 0:12:30]} 18. Bd6 {[%emt 0:11:30]} Nxc3 {[%emt 0:00:30]} 19. Bxb8 $16 {[%emt 0:00:30]} Nxe2+ 20. Kf1 Nc3 21. Rc1 Ne4 {[%emt 1:23:17]} 22. Bd6 {[%emt 0:41:00]} bxa5 {[%emt 0:00:30]} 23. Ke2 {[%emt 0:00:30]} Bc8 {[%emt 0:00:30]} 24. Rxa5 {[%emt 0:00:30]} a6 {[%emt 0:05:50]} 25. Ke3 {[%emt 0:02:30]} Nxd6 {[%emt 0:00:45]} 26. exd6 {[%emt 0:00:30]} Kd7 {[%emt 0:00:03]} 27. Rd1 {[%emt 0:01:30]} Rb8 {[%emt 0:00:29]} 28. c5 {[%emt 0:00:30]} Rb3+ {[%emt 0:00:49]} 29. Rd3 {[%emt 0:00:30]} Rb2 {[%emt 0:00:06]} 30. Rd2 {[%emt 0:00:00]} Rb4 {[%emt 0:00:30]} 31. Kd3 {[%emt 0:01:00]} Bb7 {[%emt 0:00:08]} 32. Kc3 {[%emt 0:01:30]} Rb5 {[%emt 0:00:25]} 33. Rxb5 {[%emt 0:00:30]} cxb5 {[%emt 0:00:01]} 34. f3 {[%emt 0:00:30]} Bc8 {[%emt 0:06:45]} 35. Kb4 {[%emt 0:00:00]} Kc6 {[%emt 0:00:17]} 36. Ka5 {[%emt 0:00:00]} Bd7 {[%emt 0:00:32]} 37. Rc2 {[%emt 0:00:30]} Bc8 {[%emt 0:00:07]} 38. Kb4 {[%emt 0:00:30]} Bd7 {[%emt 0:01:10]} 39. Rd2 {[%emt 0:00:30]} a5+ {[%emt 0:00:28]} 40. Kxa5 {[%emt 0:00:00]} Kxc5 {[%emt 0:00:17]} 41. Ka6 {[%emt 0:00:00]} Kc6 {[%emt 0:00:16]} 42. Ka7 {[%emt 0:03:30]} b4 {[%emt 0:00:10]} 43. Kb8 {[%emt 0:00:00]} b3 {[%emt 0:00:28]} 44. h3 {[%emt 0:00:00]} e5 {[%emt 0:01:30]} 45. Rd3 {[%emt 0:02:30]} b2 {[%emt 0:00:47]} 46. Rb3 {[%emt 0:00:00]} Kxd6 {[%emt 0:00:15]} 47. Rxb2 {[%emt 0:00:00]} Bc6 {[%emt 0:00:46]} 48. Kc8 {[%emt 0:00:30]} f5 {[%emt 0:00:11]} 49. Rd2+ {[%emt 0:00:30]} Bd5 {[%emt 0:00:24]} 50. Kd8 {[%emt 0:00:30]} e4 {[%emt 0:00:14]} 51. f4 {[%emt 0:04:30]} Kc5 {[%emt 0:00:14]} 52. Ke7 {[%emt 0:00:00]} e3 {[%emt 0:00:13]} 53. Rd3 {[%emt 0:16:00]} e2 {[%emt 0:01:28]} 54. Re3 {[%emt 0:00:00]} Bc4 {[%emt 0:00:25]} 55. Kf8 {[%emt 0:00:00]} Kd4 {[%emt 0:00:59]} 56. Re7 {[%emt 0:00:30]} Bd3 {[%emt 0:00:35]} 57. Rxe2 {[%emt 0:00:30]} Bxe2 {[%emt 0:00:30]} 58. Kxg7 {[%emt 0:00:00]} h5 {[%emt 0:00:00]} 59. Kg6 {[%emt 0:00:00]} Ke4 {[%emt 0:00:21]} 60. Kg5 {[%emt 0:00:30]} Bd1 {[%emt 0:00:23]} 61. g3 {[%emt 0:00:00]} Be2 {[%emt 0:02:00]} 62. Kh4 {[%emt 0:00:00]} Bd1 {[%emt 0:04:07]} 63. Kg5 {[%emt 0:00:30]} Bf3 {[%emt 0:00:54]} 64. Kh4 {[%emt 0:00:00]} Bg2 {[%emt 0:00:00]} 65. g4 {[%emt 0:00:00]} Kxf4 {[%emt 0:01:09]} 66. gxf5 {[%emt 0:00:30]} Kxf5 {[%emt 0:00:00]} 1/2-1/2

[Event "TUR-ch Youth U17 2019"]
[Site "Belek"]
[Date "2019.01.22"]
[Round "4"]
[White "Ozkurt, Kutay"]
[Black "Gunduz, Umut Erdem"]
[Result "1-0"]
[WhiteElo "1586"]
[BlackElo "2255"]
[Annotator "TA"]
[PlyCount "63"]
[EventDate "2019.01.20"]
[EventType "swiss"]
[EventCountry "TUR"]
[SourceTitle "playchess.com"]
[Source "ChessBase"]
[SourceQuality "1"]

{[%evp 10,63,28,8,17,23,15,35,75,84,77,64,84,74,85,64,66,81,101,99,92,81,74,74,77,83,91,87,76,77,75,79,71,95,87,67,85,31,40,15,40,40,40,36,37,38,197,162,206,219,29992,29993,29994,29995,29995,1289]} 1. e4 c5 2. Nf3 e6 3. c3 d5 4. exd5 exd5 5. d4 Nf6 6. Bg5 {LiveBook: 38 Games} Be6 {B22: Sicilian: 2 c3} (6... Nc6 7. Bb5 Be7 8. O-O cxd4 9. Nxd4 Bd7 10. Nd2 Nxd4 11. Bxd7+ Nxd7 12. Bxe7 Qxe7 13. cxd4 O-O {½-½ (13) Pavasovic,D (2598)-Muzychuk,A (2540) Rogaska Slatina 2009}) 7. Bb5+ Nc6 8. O-O Qb6 {White is slightly better.} 9. Qe2 a6 $146 ({Predecessor:} 9... Be7 10. dxc5 Bxc5 11. b4 Bd6 12. Nd4 Ne4 13. Be3 Qc7 14. g3 {1-0 (25) Buchkremer,F (2041)-Engelking,B (1742) Goch 2004}) 10. Ba4 Be7 11. dxc5 Qxc5 12. Bxc6+ bxc6 13. Nd4 Bd7 14. Bxf6 gxf6 15. Re1 O-O 16. Nd2 ({Worse is} 16. Qxe7 Rfe8 $17) 16... Rfe8 17. Qf3 Qd6 18. Nf5 Bxf5 19. Qxf5 Bf8 20. Nf3 Re6 21. Qg4+ Kh8 22. Qh5 Qe7 23. Rxe6 (23. Qf5 $16) 23... fxe6 $14 24. Nh4 Qg7 25. Re1 e5 26. Qf5 Re8 27. Re3 Bc5 $2 (27... a5 $14) 28. Rg3 $36 {[%mdl 2048] White has strong initiative.} Qh6 {[%cal Rh6c1] [#]} 29. Ng6+ $1 {[%mdl 512]} Kg7 $2 (29... hxg6 $18 30. Qxf6+ Qg7 31. Qxc6 Bxf2+ 32. Kxf2 Rf8+ 33. Ke2 Qf6 34. Qxf6+ (34. Qxd5 $2 Qf1+ 35. Ke3 Qe1+ 36. Kd3 Qd1+ 37. Kc4 Rc8+ 38. Qc5 Qf1+ 39. Kb4 Qf4+ 40. Qc4 Qxc4+ $19) 34... Rxf6) 30. Qd7+ {White mates.} Be7 31. Nxe7+ Kf8 32. Rg8+ {Precision: White = 79%, Black = 41%.} 1-0

[Event "TUR-ch Youth U17 2019"]
[Site "Belek"]
[Date "2019.01.22"]
[Round "5"]
[White "Aytekin, Murat Eren"]
[Black "Ozgur, Isa"]
[Result "1-0"]
[WhiteElo "2163"]
[BlackElo "2090"]
[Annotator "NA"]
[PlyCount "107"]
[EventDate "2019.01.20"]
[EventType "swiss"]
[EventCountry "TUR"]
[SourceTitle "playchess.com"]
[Source "ChessBase"]
[SourceQuality "1"]
[TimeControl "5400+30"]

1. d4 {[%emt 0:00:30]} Nf6 {[%emt 0:00:30]} 2. c4 {[%emt 0:00:00]} e6 {[%emt 0:00:00]} 3. Nf3 {[%emt 0:00:00]} a6 {[%emt 0:00:00]} 4. Nc3 {[%emt 0:04:30]} d5 {[%emt 0:00:30]} 5. cxd5 {[%emt 0:01:30]} exd5 {[%emt 0:00:00]} 6. Bg5 {[%emt 0:00:30]} Be6 {[%emt 0:00:00]} 7. e3 {[%emt 0:01:30]} Nbd7 {[%emt 0:00:30]} 8. Bd3 {[%emt 0:01:30]} h6 {[%emt 0:00:30]} 9. Bh4 {[%emt 0:00:30]} Bd6 {[%emt 0:00:30]} 10. O-O {[%emt 0:04:30]} O-O {[%emt 0:00:30]} 11. Rb1 {[%emt 0:01:30]} Qe7 {[%emt 0:25:30]} 12. Re1 {[%emt 0:04:30]} g5 {[%emt 0:13:30]} 13. Bg3 {[%emt 0:01:30]} Bxg3 {[%emt 0:00:30]} 14. hxg3 {[%emt 0:00:30]} Qd6 {[%emt 0:02:30]} 15. Qc2 {[%emt 0:11:30]} c6 {[%emt 0:03:30]} 16. Na4 {[%emt 0:03:30]} Ne4 {[%emt 0:10:30]} 17. b4 {[%emt 0:12:30]} b6 {[%emt 0:02:30]} 18. Rec1 {[%emt 0:02:30]} Rfc8 {[%emt 0:03:30]} 19. Bxe4 {[%emt 0:09:30]} dxe4 {[%emt 0:00:30]} 20. Nd2 {[%emt 0:00:30]} f5 {[%emt 0:08:30]} 21. g4 {[%emt 0:01:30]} fxg4 {[%emt 0:01:30]} 22. Nxe4 {[%emt 0:01:30]} Qe7 {[%emt 0:00:30]} 23. Ng3 {[%emt 0:02:30]} Qf7 {[%emt 0:03:30]} 24. Rb2 {[%emt 0:02:30]} h5 {[%emt 0:02:30]} 25. e4 {[%emt 0:09:30]} h4 {[%emt 0:07:05]} 26. Nf5 {[%emt 0:01:30]} Bxf5 {[%emt 0:00:05]} 27. exf5 {[%emt 0:00:00]} b5 {[%emt 0:02:37]} 28. Nc5 {[%emt 0:02:25]} Nb6 {[%emt 0:00:44]} 29. Qe4 {[%emt 0:00:36]} Nc4 {[%emt 0:00:51]} 30. Re2 {[%emt 0:02:05]} Re8 {[%emt 0:07:24]} 31. Ne6 {[%emt 0:07:52]} Nd6 {[%emt 0:00:38]} 32. Qe5 {[%emt 0:00:36]} Nxf5 {[%emt 0:00:58]} 33. Rxc6 {[%emt 0:01:34]} Rac8 {[%emt 0:01:28]} 34. Rc5 {[%emt 0:01:18]} g3 {[%emt 0:01:24]} 35. d5 {[%emt 0:01:36]} Qg6 {[%emt 0:00:47]} 36. f3 {[%emt 0:04:07]} Rxc5 {[%emt 0:01:20]} 37. bxc5 {[%emt 0:00:04]} h3 {[%emt 0:00:00]} 38. gxh3 {[%emt 0:00:35]} Nh4 {[%emt 0:00:19]} 39. Qxg3 {[%emt 0:00:40]} Qf5 {[%emt 0:00:32]} 40. Nd4 {[%emt 0:00:54]} Qb1+ {[%emt 0:01:02]} 41. Kh2 {[%emt 0:02:10]} Rxe2+ {[%emt 0:00:38]} 42. Nxe2 {[%emt 0:00:30]} Qf5 {[%emt 0:00:30]} 43. f4 {[%emt 0:00:30]} Qxd5 {[%emt 0:00:30]} 44. Qxg5+ {[%emt 0:00:30]} Qxg5 {[%emt 0:00:30]} 45. fxg5 {[%emt 0:00:30]} Nf3+ {[%emt 0:00:30]} 46. Kg3 {[%emt 0:00:30]} Nxg5 {[%emt 0:00:30]} 47. Kg4 {[%emt 0:00:30]} Ne6 {[%emt 0:00:30]} 48. c6 {[%emt 0:00:30]} a5 {[%emt 0:00:30]} 49. Kf5 {[%emt 0:00:30]} Kf7 {[%emt 0:00:30]} 50. Ke5 {[%emt 0:00:30]} Ke7 {[%emt 0:00:30]} 51. Nc3 {[%emt 0:00:30]} Ng5 {[%emt 0:00:30]} 52. Nd5+ {[%emt 0:00:30]} Kd8 {[%emt 0:00:18]} 53. h4 {[%emt 0:01:23]} Nh7 {[%emt 0:00:45]} 54. Ke4 {[%emt 0:00:39]} 1-0

[Event "TUR-ch Youth U17 2019"]
[Site "Belek"]
[Date "2019.01.22"]
[Round "5"]
[White "Kocyigit, Buse Naz"]
[Black "Yilmaz, Duygu Sila"]
[Result "1-0"]
[WhiteElo "2043"]
[BlackElo "1407"]
[Annotator "NA"]
[PlyCount "63"]
[EventDate "2019.01.20"]
[EventType "swiss"]
[EventCountry "TUR"]
[SourceTitle "playchess.com"]
[Source "ChessBase"]
[SourceQuality "1"]
[TimeControl "5400+30"]

1. d4 d5 2. Nf3 Nf6 3. c4 c6 4. Qc2 Nbd7 5. Nbd2 dxc4 6. Nxc4 e6 7. a3 c5 8. e3 b6 9. dxc5 Nxc5 10. b4 Nce4 11. Nce5 Nd6 12. Qc6+ Bd7 13. Nxd7 Nxd7 14. Ba6 Rb8 {[%emt 1:17:00]} 15. b5 {[%emt 1:33:46]} Nf5 {[%emt 0:01:37]} 16. Ne5 {[%emt 0:00:32]} Bc5 {[%emt 0:00:30]} 17. Bb2 {[%emt 0:01:55]} Ne7 {[%emt 0:02:44]} 18. Qxd7+ {[%emt 0:00:30]} Qxd7 {[%emt 0:00:30]} 19. Nxd7 {[%emt 0:00:30]} Kxd7 {[%emt 0:00:30]} 20. Bxg7 {[%emt 0:00:30]} Rhg8 {[%emt 0:00:30]} 21. Be5 {[%emt 0:00:30]} Rbd8 {[%emt 0:00:30]} 22. Ke2 {[%emt 0:00:30]} Nd5 {[%emt 0:08:15]} 23. e4 {[%emt 0:01:27]} f6 {[%emt 0:00:30]} 24. Bg3 {[%emt 0:00:30]} Nc3+ {[%emt 0:00:30]} 25. Kd3 {[%emt 0:00:30]} Na4 {[%emt 0:00:30]} 26. Kc2 {[%emt 0:00:30]} Ke7 {[%emt 0:00:30]} 27. e5 {[%emt 0:00:30]} fxe5 {[%emt 0:09:24]} 28. Bh4+ {[%emt 0:00:00]} Kf7 {[%emt 0:00:30]} 29. Bxd8 {[%emt 0:00:00]} Rxd8 {[%emt 0:00:30]} 30. Kb3 {[%emt 0:00:00]} Rd4 {[%emt 0:00:30]} 31. Rhd1 {[%emt 0:00:00]} Rg4 {[%emt 0:00:30]} 32. f3 {[%emt 0:00:00]} 1-0

[Event "TUR-ch Youth U17 2019"]
[Site "Belek"]
[Date "2019.01.22"]
[Round "5"]
[White "Onur, Cem"]
[Black "Cansun, Can Alp"]
[Result "1-0"]
[WhiteElo "1885"]
[BlackElo "2174"]
[Annotator "NA"]
[PlyCount "103"]
[EventDate "2019.01.20"]
[EventType "swiss"]
[EventCountry "TUR"]
[SourceTitle "playchess.com"]
[Source "ChessBase"]
[SourceQuality "1"]
[TimeControl "5400+30"]

1. e4 {[%emt 0:00:30]} c5 {[%emt 0:04:30]} 2. Nc3 {[%emt 0:00:30]} a6 {[%emt 0:00:30]} 3. a4 {[%emt 0:00:30]} Nc6 {[%emt 0:00:30]} 4. f4 {[%emt 0:00:30]} e6 {[%emt 0:00:00]} 5. Bc4 {[%emt 0:00:00]} Nge7 {[%emt 0:00:00]} 6. d3 {[%emt 0:01:00]} d5 {[%emt 0:00:30]} 7. Ba2 {[%emt 0:01:30]} g6 {[%emt 0:08:30]} 8. Nf3 {[%emt 0:00:30]} Bg7 {[%emt 0:00:30]} 9. O-O {[%emt 0:00:30]} O-O {[%emt 0:00:30]} 10. Qe1 {[%emt 0:08:30]} Nd4 {[%emt 0:00:30]} 11. Nxd4 {[%emt 0:00:00]} cxd4 {[%emt 0:00:30]} 12. Ne2 {[%emt 0:00:00]} dxe4 {[%emt 0:06:30]} 13. dxe4 {[%emt 0:00:00]} Nc6 {[%emt 0:00:30]} 14. e5 {[%emt 0:00:00]} f6 {[%emt 0:00:30]} 15. exf6 {[%emt 0:00:30]} Qxf6 {[%emt 0:07:30]} 16. Ng3 {[%emt 0:05:30]} Kh8 {[%emt 0:03:30]} 17. Ne4 {[%emt 0:14:30]} Qe7 {[%emt 0:00:30]} 18. Ng5 {[%emt 0:03:30]} h6 {[%emt 0:13:30]} 19. Nf3 {[%emt 0:09:30]} Bd7 {[%emt 0:06:30]} 20. Bd2 {[%emt 0:04:30]} Rae8 {[%emt 0:07:30]} 21. Qg3 {[%emt 0:00:30]} Kh7 {[%emt 0:01:30]} 22. Rae1 {[%emt 0:02:30]} Bf6 {[%emt 0:01:30]} 23. Bb1 {[%emt 0:08:30]} Qg7 {[%emt 0:08:30]} 24. c3 {[%emt 0:13:30]} Ne7 {[%emt 0:06:30]} 25. Ne5 {[%emt 0:09:50]} Nf5 {[%emt 0:04:55]} 26. Bxf5 {[%emt 0:01:28]} exf5 {[%emt 0:00:08]} 27. cxd4 {[%emt 0:02:53]} Bxa4 {[%emt 0:00:35]} 28. Bb4 {[%emt 0:00:28]} Rg8 {[%emt 0:03:23]} 29. Rc1 {[%emt 0:00:28]} g5 {[%emt 0:03:05]} 30. Rf2 {[%emt 0:06:00]} Rc8 {[%emt 0:02:05]} 31. Rxc8 {[%emt 0:00:34]} Rxc8 {[%emt 0:00:30]} 32. Bc3 {[%emt 0:00:00]} Bb5 {[%emt 0:03:10]} 33. Qh3 {[%emt 0:01:19]} g4 {[%emt 0:01:55]} 34. Qe3 {[%emt 0:02:02]} Qg8 {[%emt 0:00:52]} 35. Qc1 {[%emt 0:02:09]} h5 {[%emt 0:00:30]} 36. Qc2 {[%emt 0:00:43]} Kh6 {[%emt 0:05:16]} 37. Qxf5 {[%emt 0:00:40]} Rf8 {[%emt 0:00:18]} 38. Qb1 {[%emt 0:02:19]} Bxe5 {[%emt 0:00:47]} 39. fxe5 {[%emt 0:00:18]} Rxf2 {[%emt 0:00:37]} 40. Kxf2 {[%emt 0:00:30]} Qf7+ {[%emt 0:00:00]} 41. Kg1 {[%emt 0:00:00]} Qf4 {[%emt 0:00:47]} 42. Qe1 {[%emt 0:00:00]} Kg6 {[%emt 0:00:24]} 43. e6 {[%emt 0:00:26]} Bc6 {[%emt 0:00:41]} 44. e7 {[%emt 0:00:57]} Kf7 {[%emt 0:00:16]} 45. d5 {[%emt 0:00:33]} Bd7 {[%emt 0:00:37]} 46. g3 {[%emt 0:01:43]} Qc4 {[%emt 0:00:37]} 47. e8=Q+ {[%emt 0:00:40]} Bxe8 {[%emt 0:00:01]} 48. Qe6+ {[%emt 0:00:36]} Kf8 {[%emt 0:00:02]} 49. Qh6+ {[%emt 0:00:34]} Ke7 {[%emt 0:00:15]} 50. Qf6+ {[%emt 0:00:00]} Kd7 {[%emt 0:00:42]} 51. Qe6+ {[%emt 0:00:00]} Kc7 {[%emt 0:00:16]} 52. d6+ {[%emt 0:00:25]} 1-0

[Event "TUR-ch Youth U17 2019"]
[Site "Belek"]
[Date "2019.01.22"]
[Round "5"]
[White "Baspinar, Lara"]
[Black "Catal, Uktenur"]
[Result "1/2-1/2"]
[WhiteElo "1763"]
[BlackElo "1854"]
[Annotator "NA"]
[PlyCount "65"]
[EventDate "2019.01.20"]
[EventType "swiss"]
[EventCountry "TUR"]
[SourceTitle "playchess.com"]
[Source "ChessBase"]
[SourceQuality "1"]
[TimeControl "5400+30"]

1. e4 e6 2. d4 d5 3. Nd2 a6 4. Ngf3 c5 5. exd5 exd5 6. Be2 Bd6 7. dxc5 Bxc5 8. Nb3 Bb6 9. O-O Nf6 10. Bg5 O-O 11. c3 Re8 12. Re1 Be6 13. Nfd4 h6 14. Bh4 g5 15. Bg3 Ne4 16. Bf3 Bc8 17. Nd2 {[%emt 1:04:30]} Bxd4 {[%emt 1:08:30]} 18. Bxe4 {[%emt 0:09:30]} dxe4 {[%emt 0:01:30]} 19. cxd4 {[%emt 0:00:30]} f5 {[%emt 0:05:30]} 20. Be5 {[%emt 0:03:30]} Nc6 {[%emt 0:03:30]} 21. Nc4 {[%emt 0:05:08]} b5 {[%emt 0:01:30]} 22. Nd6 {[%emt 0:00:54]} Nxe5 {[%emt 0:00:30]} 23. Nxe8 {[%emt 0:00:54]} Nd3 {[%emt 0:00:30]} 24. Re3 {[%emt 0:07:08]} Be6 {[%emt 0:03:48]} 25. Qh5 {[%emt 0:01:32]} Qxe8 {[%emt 0:00:42]} 26. Qxh6 {[%emt 0:00:16]} g4 {[%emt 0:00:45]} 27. h3 {[%emt 0:03:30]} Ra7 {[%emt 0:00:54]} 28. hxg4 {[%emt 0:02:28]} Rh7 {[%emt 0:00:05]} 29. Qg5+ {[%emt 0:00:00]} Rg7 {[%emt 0:00:18]} 30. Qh6 {[%emt 0:00:31]} Rh7 {[%emt 0:00:17]} 31. Qg5+ {[%emt 0:00:13]} Rg7 {[%emt 0:00:45]} 32. Qh6 {[%emt 0:00:09]} Rh7 {[%emt 0:08:57]} 33. Qg5+ {[%emt 0:00:09]} 1/2-1/2

[Event "TUR-ch Youth U17 2019"]
[Site "Belek"]
[Date "2019.01.22"]
[Round "5"]
[White "Sahin, Hayrun Nisa"]
[Black "Sen, Irem"]
[Result "1-0"]
[WhiteElo "1743"]
[BlackElo "1765"]
[Annotator "NA"]
[PlyCount "115"]
[EventDate "2019.01.20"]
[EventType "swiss"]
[EventCountry "TUR"]
[SourceTitle "playchess.com"]
[Source "ChessBase"]
[SourceQuality "1"]
[TimeControl "5400+30"]

1. e4 g6 2. d4 Bg7 3. Nc3 c6 4. Nf3 d6 5. Be3 Nf6 6. Qd2 b5 7. Bd3 O-O 8. Bh6 a6 9. h4 Nh5 10. O-O-O Qc7 11. Rdg1 e5 12. g4 {[%emt 0:56:00]} Nf6 {[%emt 1:10:00]} 13. Bxg7 {[%emt 0:28:02]} Kxg7 {[%emt 0:00:00]} 14. g5 {[%emt 0:03:32]} Nh5 {[%emt 0:05:00]} 15. dxe5 {[%emt 0:00:16]} dxe5 {[%emt 0:00:00]} 16. Ne1 {[%emt 0:00:06]} Be6 {[%emt 0:07:13]} 17. Be2 {[%emt 0:02:12]} Nf4 {[%emt 0:03:03]} 18. Nd3 {[%emt 0:00:53]} Rd8 {[%emt 0:04:15]} 19. h5 {[%emt 0:00:05]} Nxe2+ {[%emt 0:04:32]} 20. Qxe2 {[%emt 0:00:35]} Rg8 {[%emt 0:00:46]} 21. Nc5 {[%emt 0:03:25]} Bc4 {[%emt 0:00:24]} 22. Qf3 {[%emt 0:00:22]} Qe7 {[%emt 0:00:44]} 23. hxg6 {[%emt 0:00:29]} hxg6 {[%emt 0:01:16]} 24. Rh7+ {[%emt 0:00:23]} Kf8 {[%emt 0:00:43]} 25. Rd1 {[%emt 0:00:32]} Ra7 {[%emt 0:02:31]} 26. b3 {[%emt 0:00:30]} Bd5 {[%emt 0:00:39]} 27. Qe3 {[%emt 0:00:28]} Rc7 {[%emt 0:01:14]} 28. exd5 {[%emt 0:00:45]} cxd5 {[%emt 0:00:10]} 29. Nxd5 {[%emt 0:00:44]} Qxc5 {[%emt 0:00:00]} 30. Nxc7 {[%emt 0:00:13]} Qxc7 {[%emt 0:00:12]} 31. Qh3 {[%emt 0:00:30]} e4 {[%emt 0:00:30]} 32. Qh2 {[%emt 0:00:30]} Qxh2 {[%emt 0:00:30]} 33. Rxh2 {[%emt 0:00:30]} Kg7 {[%emt 0:00:30]} 34. Rdh1 {[%emt 0:00:30]} Nd7 {[%emt 0:00:30]} 35. Rh7+ {[%emt 0:00:30]} Kf8 {[%emt 0:00:30]} 36. Rh8 {[%emt 0:00:30]} Rxh8 {[%emt 0:00:30]} 37. Rxh8+ {[%emt 0:00:30]} Ke7 {[%emt 0:00:30]} 38. Ra8 {[%emt 0:00:30]} Ke6 {[%emt 0:00:18]} 39. Rxa6+ {[%emt 0:00:00]} Kf5 {[%emt 0:00:04]} 40. Rd6 {[%emt 0:00:00]} Ne5 {[%emt 0:00:42]} 41. a4 {[%emt 0:00:00]} bxa4 {[%emt 0:00:40]} 42. bxa4 {[%emt 0:00:10]} Kxg5 {[%emt 0:00:08]} 43. a5 {[%emt 0:00:00]} Nc4 {[%emt 0:01:04]} 44. Rd5+ {[%emt 0:00:13]} Kf4 {[%emt 0:00:00]} 45. Rc5 {[%emt 0:01:17]} Nxa5 {[%emt 0:01:24]} 46. Rxa5 {[%emt 0:00:47]} Kf3 {[%emt 0:00:04]} 47. c4 {[%emt 0:00:21]} Kxf2 {[%emt 0:00:30]} 48. c5 {[%emt 0:00:14]} e3 {[%emt 0:00:03]} 49. c6 {[%emt 0:00:04]} e2 {[%emt 0:00:35]} 50. Ra2 {[%emt 0:00:09]} Kf1 {[%emt 0:00:09]} 51. Rxe2 {[%emt 0:00:30]} Kxe2 {[%emt 0:00:00]} 52. c7 {[%emt 0:00:00]} f5 {[%emt 0:00:14]} 53. c8=Q {[%emt 0:00:00]} f4 {[%emt 0:00:00]} 54. Qe6+ {[%emt 0:00:06]} Kf2 {[%emt 0:00:00]} 55. Qxg6 {[%emt 0:00:46]} f3 {[%emt 0:00:01]} 56. Kd2 {[%emt 0:00:00]} Kf1 {[%emt 0:00:13]} 57. Qg3 {[%emt 0:00:37]} f2 {[%emt 0:00:30]} 58. Ke3 {[%emt 0:00:00]} 1-0

[Event "TUR-ch Youth U17 2019"]
[Site "Belek"]
[Date "2019.01.22"]
[Round "5"]
[White "Kargaci, Humeyra"]
[Black "Akti, Ezgi"]
[Result "1/2-1/2"]
[WhiteElo "1740"]
[BlackElo "1713"]
[Annotator "NA"]
[PlyCount "90"]
[EventDate "2019.01.20"]
[EventType "swiss"]
[EventCountry "TUR"]
[SourceTitle "playchess.com"]
[Source "ChessBase"]
[SourceQuality "1"]
[TimeControl "5400+30"]

1. c4 e6 2. g3 Nf6 3. Bg2 d5 4. Nf3 Be7 5. d4 O-O 6. Qc2 Nbd7 7. O-O c6 8. Nbd2 Re8 9. e4 dxe4 10. Nxe4 Nxe4 11. Qxe4 c5 12. Be3 cxd4 13. Bxd4 Bf6 14. Rfd1 Qc7 15. Bxf6 Nxf6 16. Qc2 Bd7 17. Nd4 e5 {[%emt 1:21:39]} 18. Nf5 {[%emt 0:52:00]} Bxf5 {[%emt 0:05:36]} 19. Qxf5 {[%emt 0:00:30]} e4 {[%emt 0:00:30]} 20. Rd4 {[%emt 0:00:30]} Qb6 {[%emt 0:00:30]} 21. Rad1 {[%emt 0:11:30]} e3 {[%emt 0:07:34]} 22. fxe3 {[%emt 0:03:30]} Rxe3 {[%emt 0:00:02]} 23. Qf2 {[%emt 0:04:30]} Rae8 {[%emt 0:01:34]} 24. Bf3 {[%emt 0:04:30]} h6 {[%emt 0:01:26]} 25. Kg2 {[%emt 0:02:30]} Qc7 {[%emt 0:01:17]} 26. Rd8 {[%emt 0:04:31]} Rxd8 {[%emt 0:00:53]} 27. Rxd8+ {[%emt 0:00:11]} Qxd8 {[%emt 0:00:05]} 28. Qxe3 {[%emt 0:00:31]} b6 {[%emt 0:00:00]} 29. b4 {[%emt 0:00:32]} Qe8 {[%emt 0:02:07]} 30. Qxe8+ {[%emt 0:04:33]} Nxe8 {[%emt 0:00:01]} 31. c5 {[%emt 0:00:07]} bxc5 {[%emt 0:00:46]} 32. bxc5 {[%emt 0:00:02]} Kf8 {[%emt 0:00:00]} 33. Kf2 {[%emt 0:01:01]} Ke7 {[%emt 0:00:08]} 34. Ke3 {[%emt 0:00:00]} Nc7 {[%emt 0:00:38]} 35. Kd4 {[%emt 0:00:40]} Ke6 {[%emt 0:00:27]} 36. a4 {[%emt 0:01:44]} f5 {[%emt 0:00:59]} 37. Bd1 {[%emt 0:01:39]} g5 {[%emt 0:00:24]} 38. Bb3+ {[%emt 0:00:12]} Kf6 {[%emt 0:00:06]} 39. c6 {[%emt 0:01:22]} h5 {[%emt 0:00:49]} 40. Kc5 {[%emt 0:00:46]} Ke5 {[%emt 0:00:06]} 41. Bd1 {[%emt 0:05:23]} h4 {[%emt 0:00:17]} 42. gxh4 {[%emt 0:02:49]} gxh4 {[%emt 0:00:02]} 43. a5 {[%emt 0:00:52]} Ne6+ {[%emt 0:01:11]} 44. Kc4 {[%emt 0:01:17]} Kd6 {[%emt 0:01:07]} 45. Bf3 {[%emt 0:01:04]} Ke5 {[%emt 0:00:50]} 1/2-1/2